|
|
|
|
| LEADER |
01401nam a2200253 a 4500 |
| 001 |
GR-Patra31019 |
| 003 |
GR-PaULI |
| 005 |
20240201120455.0 |
| 008 |
070321s2010 enk g b 001 b eng d |
| 020 |
|
|
|a 9781849966504
|
| 040 |
|
|
|a GR-PaULI
|b gre
|c GR-PaULI
|e AACR2
|
| 082 |
0 |
4 |
|a 006.601 515 63
|2 23
|
| 100 |
1 |
|
|a Vince, John
|q (John A.)
|9 46954
|e συγγραφέας.
|
| 245 |
1 |
0 |
|a Vector analysis for computer graphics /
|c John Vince.
|
| 260 |
|
|
|a London :
|b Springer,
|c c2010.
|
| 300 |
|
|
|a xiii, 259 σ. :
|b εικ. ;
|c 24 εκ.
|
| 504 |
|
|
|a Περιλαμβάνει βιβλιογραφίες και ευρετήριο.
|
| 650 |
|
4 |
|a Ηλεκτρονικοί υπολογιστές
|9 24279
|x Γραφικά.
|
| 650 |
|
4 |
|a Διανυσματική ανάλυση
|9 9142
|
| 942 |
|
|
|2 ddc
|c BK
|
| 952 |
|
|
|0 0
|1 0
|2 ddc
|4 0
|6 006_601515630000000_VIN
|7 0
|9 313516
|a LISK
|b LISK
|c BSC
|d 2021-01-17
|e 24
|f 0
|g 0.00
|l 0
|o 006.60151563 VIN
|p 92410050942
|r 2021-01-17 00:00:00
|t 1
|w 2021-01-17
|y BK15
|x 20120510 0 1
|x GrPaTEI
|
| 952 |
|
|
|0 0
|1 0
|2 ddc
|4 0
|6 006_601515630000000_VIN
|7 0
|9 313517
|a LISK
|b LISK
|c BSC
|d 2021-01-17
|e 24
|f 0
|g 0.00
|l 0
|o 006.60151563 VIN
|p 92410050943
|r 2021-01-17 00:00:00
|t 2
|w 2021-01-17
|y BK15
|x 20120510 0 1
|x GrPaTEI
|
| 952 |
|
|
|0 0
|1 0
|2 ddc
|4 0
|6 006_601000000000000_515_63_VIN
|7 0
|9 377047
|a LISP
|b LISP
|c BSC
|d 2024-02-01
|i 50942
|l 0
|o 006.601 515 63 VIN
|p 025000306621
|r 2024-02-01 00:00:00
|t 3
|w 2024-02-01
|y BK15
|
| 999 |
|
|
|c 179385
|d 179385
|